| 000 | 00343nam a2200145Ia 4500 | ||
|---|---|---|---|
| 100 | _aAdam/Everett E/ Ebert/R.J | ||
| 250 | _a5 | ||
| 942 | _cBK | ||
| 654 | _aManagement | ||
| 245 | _aProduction and operations management:Concepts | ||
| 260 |
_bPrentice-Hall of India _c1992 |
||
| 082 |
_a658.4034 _bADA |
||
| 300 | _a729 | ||
| 546 | _aENGLISH | ||
| 999 |
_c19691 _d19691 |
||